000 00365 a2200133 4500
001 90394
082 _a303.69 RAF
090 _c42714
_d42714
100 _aRaffel Lee
245 _aI hate conflict
_bseven steps to resolving differences with anyone in your life
260 _aNew York
_bMcGraw Hill
_c2008
300 _axiv, 290p.
500 _aGeneral Collection
942 _aCAE NUST
_k303.69 RAF
999 _c325467
_d325467